000 00611nam a2200205 i 4500
001 115507
003 ES-MaACL
005 20251004063144.0
007 t|
008 070314s1919 ag a |||| | spa d
100 1 _aHernández, José,
_d1834-1886
_9168607
245 1 0 _aMartín Fierro /
_cJosé Hernández.
260 _aBuenos Aires :
_bLibrería "La Facultad",
_c1919.
300 _a230 p. :
_bil. ;
_c19 cm.
490 1 _aBiblioteca argentina ;
_v19
500 _aRetr. del autor.
830 0 _aBiblioteca argentina ;
_v19
_9186252
852 _aES-MaACL
_jG-1073
999 _c115507
_d115507